Central Library OPAC University of Rajshahi

A history of æsthetic / (Record no. 28209)

MARC details
000 -LEADER
fixed length control field 00957cam a22002891 4500
001 - CONTROL NUMBER
control field 28209
003 - CONTROL NUMBER IDENTIFIER
rucl marc code BD-RjUL
005 - DATE AND TIME OF LATEST TRANSACTION
control field 20211209051242.0
008 - FIXED-LENGTH DATA ELEMENTS--GENERAL INFORMATION
fixed length control field 140329s19561892enk b 000 0 eng
035 ## - SYSTEM CONTROL NUMBER
System control number (BD-RjUL)28290
System control number (OCoLC)602331
040 ## - CATALOGING SOURCE
Original cataloging agency DLC
Transcribing agency OKentU
Modifying agency OCoLC
-- DLC
Language of cataloging eng
041 ## - LANGUAGE CODE
Language code of text/sound track or separate title eng
082 ## - DEWEY DECIMAL CLASSIFICATION NUMBER
Classification number 101
Author mark and year BOH 1956
100 1# - MAIN ENTRY--PERSONAL NAME
Personal name Bosanquet, Bernard,
Dates associated with a name 1848-1923.
9 (RLIN) 79466
245 12 - TITLE STATEMENT
Title A history of æsthetic /
Statement of responsibility, etc. Bernard Bosanquet.
250 ## - EDITION STATEMENT
Edition statement 2nd. ed.
260 ## - PUBLICATION, DISTRIBUTION, ETC. (IMPRINT)
Place of publication, distribution, etc. London :
Name of publisher, distributor, etc. S. Sonnenschein & Co.;
Place of publication, distribution, etc. New York :
Name of publisher, distributor, etc. Macmillan & Co.,
Date of publication, distribution, etc. 1904 [reprinting 1956]
300 ## - PHYSICAL DESCRIPTION
Pagination xxiii, 502 p. ;
Size 24 cm.
500 ## - GENERAL NOTE
General note Appendix I. Hegel's abstract of his æsthetic system.-Appendix II. Some analyses of musical expression, by Mr. J.D. Rogers.
504 ## - BIBLIOGRAPHY, ETC. NOTE
Bibliography, etc includes index
650 #0 - SUBJECT ADDED ENTRY--TOPICAL TERM
Topical term or geographic name as entry element Aesthetics
General subdivision History.
9 (RLIN) 86387
942 ## - ADDED ENTRY ELEMENTS (KOHA)
Source of classification or shelving scheme Dewey Decimal Classification
Koha item type Books
Holdings
Lost status Source of classification or shelving scheme Damaged status Not for loan Collection code Permanent Location Current Location Shelving location Date acquired Source of acquisition Cost, normal purchase price Total Checkouts Full call number Date last seen Copy number Koha item type
  Dewey Decimal Classification     Non-fiction Central Library, University of Rajshahi Central Library, University of Rajshahi   01/11/1965 Zeitlinger 28.00   101 BOH 1956 29/03/2014 C-4 Books
  Dewey Decimal Classification     Non-fiction Central Library, University of Rajshahi Central Library, University of Rajshahi   01/11/1965 Zeitlinger 28.00   101 BOH 1966 29/03/2014 C-7 Books
  Dewey Decimal Classification     Non-fiction Central Library, University of Rajshahi Central Library, University of Rajshahi   10/01/1955 P and P 20.00   101 BOH 1949 31/03/2014 C-2 Books
  Dewey Decimal Classification   Added to bundle Non-fiction Central Library, University of Rajshahi Central Library, University of Rajshahi Reading Room 05/04/1956 A.B.C 17.00   101 BOH 1949 31/03/2014 C-1 Books
  Dewey Decimal Classification     Non-fiction Central Library, University of Rajshahi Central Library, University of Rajshahi   01/11/1965 Zeitlinger 28.00   101 BOH 1956 31/03/2014 C-3 Books